| 000 | 00568nam a22002417a 4500 | ||
|---|---|---|---|
| 003 | UA-OsUOA | ||
| 001 | 29566 | ||
| 007 | ta | ||
| 008 | 20041013b un ||||| |||| 00| 0 ukr d | ||
| 100 | _aІльницький М.М. | ||
| 090 |
_a82.09(477) _bІ48 |
||
| 942 | _cBK | ||
| 040 |
_aUA-OsUOA _bukr _cUA-OsUOA _dUA-OsUOA |
||
| 245 | _aБагатогранність єдності | ||
| 300 | _a240 с. | ||
| 955 | _a0 | ||
| 041 | _aukr | ||
| 080 | _a82.09(477) | ||
| 260 |
_aКиїв _bДніпро _c1984 |
||
| 044 | _aUA | ||
| 650 | 7 | _2UDC | |
| 999 |
_c315958 _d315958 |
||